Joan edukira

Антикризисное регулирование и управление как механизм преодоления неплатежей в АПК региона Монография

Gorde:
Xehetasun bibliografikoak
Egile nagusia: Кожевина О. В.
Formatua: Монография
Edizioa:1
Sarrera elektronikoa:https://znanium.com/catalog/document?id=302097
https://znanium.com/cover/0913/913399.jpg
Etiketak: Etiketa erantsi
Etiketarik gabe, Izan zaitez lehena erregistro honi etiketa jartzen!
LEADER 02579nam0a2200337 i 4500
001 RU\infra-m\znanium\bibl\913399
003 https://znanium.com/catalog/document?id=302097
005 20190327000000.0
010 |a 978-5-16-105895-4  |b электр. издание 
100 |a 20190327d2017 m y0rusy0150 ca 
101 0 |a rus 
102 |a RU 
200 1 |a Антикризисное регулирование и управление как механизм преодоления неплатежей в АПК региона  |e Монография  |f Московский государственный технический университет им. Н.Э. Баумана Национальный исследовательский университет  |g Московский государственный технический университет им. Н.Э. Баумана Национальный исследовательский университет 
205 |a 1 
210 1 |a Москва  |c ООО "Научно-издательский центр ИНФРА-М"  |d 2017 
215 |a 201 с. 
333 |a Дополнительное профессиональное образование 
606 |a Экономика. Бухгалтерский учет. Финансы  |x Регионоведение  |2 local 
608 |a Монография  |2 local 
675 |a 332  |z rus 
686 |a 659  |2 rubbk 
686 |a 35.00.00  |2 okso 
686 |a 38.00.00  |2 okso 
686 |a 35.03.04  |2 okso 
686 |a 38.04.01  |2 okso 
700 1 |a Кожевина  |b О. В.  |g Ольга Владимировна  |p Московский государственный технический университет им. Н.Э. Баумана Национальный исследовательский университет 
701 1 |a Кундиус  |b В. А.  |g Валентина Александровна  |p Алтайский государственный университет 
712 0 2 |a Московский государственный технический университет им. Н.Э. Баумана Национальный исследовательский университет 
801 0 |a RU  |b Общество с ограниченной ответственностью «ЗНАНИУМ»  |c 20170613  |2 rusmarc 
856 4 |a znanium.com  |m ebs_support@infra-m.ru  |n НИЦ ИНФРА-М  |u https://znanium.com/catalog/document?id=302097 
856 4 1 |a znanium.com  |d /cover/0913  |f 913399.jpg  |q image/jpeg  |u https://znanium.com/cover/0913/913399.jpg